ՀՀ Գիտությունների ազգային ակադեմիայի հիմնարար գիտական գրադարան  =   Fundamental Scientific Library of NAS RA
Normal view MARC view

Entry Personal Name

Number of records used in: 22

001 - CONTROL NUMBER

  • control field: 3640

003 - CONTROL NUMBER IDENTIFIER

  • control field: AM-YEHGA

005 - DATE AND TIME OF LATEST TRANSACTION

  • control field: 20250617070445.0

008 - FIXED-LENGTH DATA ELEMENTS

  • fixed length control field: 081008 a|ac|n|aab||||||||||||a |n|||||||

040 ## - CATALOGING SOURCE

  • Original cataloging agency: AM-YEHGA

100 1# - HEADING--PERSONAL NAME

  • Personal name: Ճուղուրյան, Արմեն Գևորգի,
  • Dates associated with a name: 1960-

400 1# - SEE FROM TRACING--PERSONAL NAME

  • Personal name: Ճուղուրյան, Ա.Գ.
  • Fuller form of name: (Արմեն Գևորգի),
  • Dates associated with a name: 1960-

400 1# - SEE FROM TRACING--PERSONAL NAME

  • Personal name: Ճուղուրյան, Արմեն,
  • Dates associated with a name: 1960-

400 1# - SEE FROM TRACING--PERSONAL NAME

  • Personal name: Ճուղուրյան, Ա.
  • Fuller form of name: (Արմեն),
  • Dates associated with a name: 1960-

400 1# - SEE FROM TRACING--PERSONAL NAME

  • Personal name: Чугурян, Армен Геворкович,
  • Dates associated with a name: 1960-

400 1# - SEE FROM TRACING--PERSONAL NAME

  • Personal name: Chughuryan, Armen Gevorki,
  • Dates associated with a name: 1960-

670 ## - SOURCE DATA FOUND

  • Source citation: Ով ով է . հայեր, կենսագրական հանրագիտարան, 2007 :
  • Information found: Ճուղուրյան Արմեն Գևորգի (ծ. 4.7.1960, Երևան), տնտեսագետ: Տնտեսագիտ. դ-ր (2002), պրոֆ. (2003):

670 ## - SOURCE DATA FOUND

  • Source citation: 100 հարց և պատասխան Բոլոնյան գործընթացի մասին, 2007 :
  • Information found: տիտղթ. (Արմեն Գևորգի Ճուղուրյան)

670 ## - SOURCE DATA FOUND

  • Source citation: Հաշվապահական հաշվառումը կազմակերպություններում, 2003 :
  • Information found: տիտղթ. (Արմեն Ճուղուրյան)

670 ## - SOURCE DATA FOUND

  • Source citation: Անգլերեն-հայերեն հաշվապահական բառարան, 2004 :
  • Information found: տիտղթ. (մասն. խմբ.՝ Ա.Գ. Ճուղուրյան)

670 ## - SOURCE DATA FOUND

  • Source citation: Մաքսային գործի հիմունքներ : Ուսումնական ձեռնարկ տնտեսագիտական բուհերի ուսանողության համար, 2007 :
  • Information found: տիտղթ. (խմբ.՝ Ա. Ճուղուրյան)


ՀՀ ԳԱԱ հիմնարար գիտական գրադարան
ՀՀ,Երևան 0019
Մարշալ Բաղրամյան 24/6
հեռախոս:(374-10) 52-47-50
Հետադարձ կապ

All site content, except where otherwise noted, is licensed under a
Creative Commons License